000 00265nam a22001217a 4500
008 170715b xxu||||| |||| 00| 0 eng d
041 _aeng
080 _a038
100 _a24
101 _aANT
245 _aDICTIONARY OF ANTHROPOLOGY
_cWINICK,CH
942 _2udc
_cBK
999 _c21017
_d21017